| 000 | 00883cam a22002292 4500 | ||
|---|---|---|---|
| 001 | 0000001589 | ||
| 005 | 20151217151820.0 | ||
| 008 | 070316s xx 000 0 eng d | ||
| 020 | _cKES 450 | ||
| 040 |
_aKABU _cKABU |
||
| 050 | 0 |
_aHC800 _b.A517 1999 |
|
| 100 | 1 |
_aAbaayo, Omar Jibich. _@0000150457 |
|
| 245 | 1 | 4 |
_aThe Power base behind under-development in post independent Africa : _ba tentative approach through scenario building / _cby Omar Jibich Abaayo; edited by Nyambaka, H. N., H. G., Ibrahim A. Khalif. |
| 260 |
_aNairobi, Kenya : _bO. J. Abaayo, _c1999. |
||
| 300 |
_ax, 181 p. : _bill. ; _c25 cm. |
||
| 504 | _aIncludes bibliographical references (p. 175-180) | ||
| 651 | 0 |
_aAfrica _xEconomic policy. _@0000150458 |
|
| 651 | 0 |
_aAfrica _xEconomic conditions. _@0000150453 |
|
| 908 | _a070316 | ||
| 950 | _@1 | ||
| 999 |
_c5319 _d5319 |
||